000 00619nam a2200229Ia 4500
003 OSt
005 20221005115505.0
006 a|||||r|||| 00| 0
007 ta
008 221004b |||||||| |||| 00| 0 ben d
020 _a8176260630 (hbk)
_c100
024 _a757
037 _b21, 20/03/2009, Mukta Dhara
_cTextual
040 _aCRL
_cCRL
_bben
041 _2ben
_aben
082 _aY7927:51y7N28, 157P8
245 0 _aChe Guevarar Dairy
260 _c2008
650 _aSOCIOLOGY
942 _hY7927:51y7N28, 157P8
_cTEXL
_2cc
999 _c1034991
_d1034991